Системные методы анализа надёжности транспортных ядерных энергетических установок; Приборы и системы. Управление, контроль, диагностика; № 1

Dettagli Bibliografici
Parent link:Приборы и системы. Управление, контроль, диагностика: научно-технический и производственный журнал.— , 2000-
№ 1.— 2004.— С. 32-37
Autore principale: Карелин А. Н.
Lingua:russo
Pubblicazione: 2004
Serie:Измерения, контроль, диагностика
Soggetti:
Natura: MixedMaterials Capitolo di libro
KOHA link:https://koha.lib.tpu.ru/cgi-bin/koha/opac-detail.pl?biblionumber=390494

MARC

LEADER 00000naa2a2200000 4500
001 390494
005 20231101063958.0
035 |a (RuTPU)RU\TPU\prd\23596 
090 |a 390494 
100 |a 20040309a2004 k y0rusy50 ca 
101 0 |a rus 
102 |a RU 
200 1 |a Системные методы анализа надёжности транспортных ядерных энергетических установок  |f А. Н. Карелин 
225 1 |a Измерения, контроль, диагностика 
320 |a Библиогр.: 11 назв. 
461 1 |0 (RuTPU)RU\TPU\prd\1687  |t Приборы и системы. Управление, контроль, диагностика  |o научно-технический и производственный журнал  |d 2000- 
463 1 |0 (RuTPU)RU\TPU\prd\22736  |t № 1  |v С. 32-37  |d 2004 
610 1 |a системные методы 
610 1 |a методы анализа 
610 1 |a транспортные установки 
610 1 |a надёжность 
610 1 |a ядерные установки 
610 1 |a энергетические установки 
610 1 |a ядерная энергетика 
610 1 |a судовая энергетика 
610 1 |a плавучие электростанции 
700 1 |a Карелин  |b А. Н. 
801 1 |a RU  |b 63413507  |c 20040309  |g PSBO 
801 2 |a RU  |b 63413507  |c 20121008  |g RCR 
942 |c BK